000 00709nam a2200193 a 4500
001 4074
005 20140414131906.0
008 081222s19uu xx 00 eng d
020 _a0-440-40941-1
050 _aFIC
_bW73 1994
100 _aWinthrop, Elizabeth.
245 _aThe castle in the attic /
_cElizabeth Winthrop ; frontispiece and chapter title decorations by Trina Schart Hyman.
260 _aNew York :
_bScholastic,
_c1994.
300 _a179 p. : ill. ; 22 cm.
520 _aA gift of a toy castle, complete with silver knight, introduces William to an adventure involving magic and a personal quest.
650 _aCastles
_xFiction.
700 _aHyman, Trina Schart, ill.
999 _c110949
_d110949